Dialčtica de los derechos humanos. 2® edicin̤ Corregida y aumentada /

Bibliographic Details
Main Author: Blz̀quez-Ruiz, F. Javier
Format: eBook
Language:Spanish
Published: Madrid: Dykinson, 2013
Subjects:
Online Access:Acceso restringido

MARC

LEADER 00000nam a22000007a 4500
005 20140603013224.0
007 cr|||| ||||
008 140603s2013 es |||||s|||| 00||0 spa d
020 |a 978-84-9031-805-8 
035 |a 12209 
040 |a vLex 
090 |c 4972  |d 4972 
100 1 |a Blz̀quez-Ruiz, F. Javier 
245 1 0 |a Dialčtica de los derechos humanos.  |h [Recurso electrn̤ico] :  |b 2® edicin̤ Corregida y aumentada /  |c F. Javier Blz̀quez-Ruiz 
256 |a Servicio en ln̕ea 
260 |a Madrid:  |b Dykinson,  |c 2013 
300 |a 1 recurso electrn̤ico 
500 |a La obra incluye dos partes bien diferenciadas estructuralmente, si bien enhebradas, articuladas y orientadas, en torno a un mismo eje comn︢: la denuncia, defensa y proteccin̤ de los derechos humanos en diversos contextos. Ya sean respecto al problema lacerante del hambre y pobreza en el mundo como fenm̤enos de violencia polt̕ica, en primer lugar, o bien relacionados con aspectos tales como la diversidad cultural, polt̕icas de reconocimiento y asimilacin̤, en el capt̕ulo dedicado a los retos actuales del Multiculturalimos, en segundo lugar. O bien vinculados con cuestiones cientf̕ico-tčnicas y sus implicaciones bioťicas, tal y como acontece en el capt̕ulo centrado en la Nanotecnologa̕ y Nanomedicina vinculada a la salud. Previamente el libro incluye en una primera parte un elenco de reflexiones y anl̀isis crt̕icos, realizados desde la perspectiva de la filosofa̕ prc̀tica, polt̕ica y jurd̕ica, sobre algunos de los problemas claves de la actualidad que de forma acuciante presiden y jalonan la sociedad de nuestro tiempo. 
506 1 |a Disponible solo en los productos indicados  |d vLex Global  |d vLex Global (Academic Edition, excluding Law Schools)  |d vLex Global (U.S. Academic Edition, Law Schools)  |d vLex Global (U.S. Academic Edition, excluding Law Schools)  |d vLex Global (Academic Edition, Law Schools) 
650 0 4 |a Derecho Civil  |z Espaą 
740 0 |a vLex Libros (Servicio en ln̕ea) 
856 4 0 |u http://vlex.com/source/dialectica-de-los-derechos-humanos-2-edicion-corregida-y-aumentada-12209  |z Acceso restringido 
942 |c BOOK 
999 0 |a Civil Law